Представление документа в формате RUSMARC

ПолеНазваниеЗначение
  Тип записи c
  Библиографический уровень m
001 Контрольный номер RU/УОНБ/EK_N/531313380
005 Дата корректировки 20250617160731.2
010 Индекс ISBN __
9 Тираж 380 экз.
013 Номер (ISMN) __
d Цена 30 к.
071 Издательские номер (звукозапись и ноты) 21
a Номер, присвоенный агентством 1647
100 Данные общей обработки __
a Данные общей обработки 20161101d1990 u y0rusy0189||||ca
101 Язык документа 0_
a Язык текста rus
f Язык титульного листа rus
102 Страна публикации __
a Страна публикации RU
105 Кодированные данные (монография) __
a Кодированные данные (монография) y###||||000|y
125 Кодированные данные звукозаписи и нотных изданий __
a Форма изложения нотного текста с|
128 Кодированные данные (звукозаписи-физические характеристики) __
a Кодированные данные: Музыкальная форма и тональность или лад zz
c Инструменты или голоса, рекомендуемые для солистов (устаревшее) vu||
c Инструменты или голоса, рекомендуемые для солистов (устаревшее) ka||
200 Заглавие и сведения об ответственности 1_
a Заглавие Тетр. 2
e Сведения, относящиеся к заглавию [для пения с сопровожд. фп.]
f Первые сведения об ответственности И. Ельчева
210 Выходные данные 1_
d Дата издания 1990
215 Физическое описание __
a Объем 18 с.
327 Примечание о содержании 11
a Примечание о содержании Содерж. : Уж вы горы... ; Не чаяла матушка... ; Ой ды как за лесиком... ; Пошел козел в огород ; Окол кусту...
461 Уровень набора _0
1 001RU/УОНБ/EK_N/531310981
1 200
a Жанровые зарисовки
b Ноты
f И. Ельчева
g сл. нар.
v Тетр. 2
1 210
a Л.
c Советский композитор
d 1990
1 225
a Концертный репертуар
464 Аналитический уровень _0
1 2001
a Уж вы горы...
e Уж вы горы, горы вы высокие...
464 Аналитический уровень _0
1 2001
a Не чаяла матушка...
e Не чаяла матушка век дочку изжить...
464 Аналитический уровень _0
1 2001
a Ой ды как за лесиком...
e Ой ды как за лесиком...
464 Аналитический уровень _0
1 2001
a Пошел козел в огород...
e Пошел козел в огород...
464 Аналитический уровень _0
1 2001
a Окол кусту...
e Окол кусту, ды, окол кусту...
512 Заглавие обложки 1_
a Заглавие обложки Жанровые зарисовки
606 Тематические рубрики 0_
a Основная рубрика Вокальные произведения советских композиторов
610 Ключевые слова 0_
a Ключевые слова вокальные произведения советских композиторов
686 Индексы других классификаций __
a Классификационный индекс 85.943.4-42(2)я44
2 Код системы rubbk
801 Источник записи _0
a Страна RU
b Организация Ульяновская ОНБ
c Дата составления 20161101
g Правила каталогизации RCR
801 Источник записи _1
a Страна RU
b Организация Ульяновская ОНБ
c Дата составления 20161101
g Правила каталогизации RCR
901 Тип документа __
t Тип документа n
w Контрольный № источника RU/УОНБ/EK_N/531310981
909 Создатель записи __
a Создатель записи Лобина Л. И.
910 Корректоры записи __
a Корректор записи Илямакова
938 Служебная информация __
a Имя БД noti
b Имя библиотеки УОНБ
c Имя АИБС МАРК-SQL
d Номер DOC_ID в БД 15281